000 00533nam a2200193Ia 4500
003 GCL
008 140319s9999 xx 000 0 ara d
040 _aGCL /
_cGCL
082 0 4 _a219
_bط ح
100 1 _aطارق البشرى
245 1 0 _aالحوار الاسلامى العلمانى /
_cطارق البشرى
300 _a95 ص
490 _a
650 0 4 _aالاسلام والعلم
650 0 4 _aالديانات
650 0 4 _aالعلمانية
650 0 4 _aالاسلام والعلمانية
942 _2ddc
_cBK
999 _c52250
_d52250